000 01012nam a2200253Ia 4500
003 OSt
005 20220923214554.0
006 a|||||r|||| 00| 0
007 ta
008 220922b |||||||| |||| 00| 0 hin d
024 _a170,945
037 _cTextual
040 _aARTS
_cARTS
_bhin
041 _2hin
_ahin
082 _aO152,3N11x, K1;L6
100 _aअज्ञेय, सच्चिदानन्द हीरानन्द वात्स्यायन
245 0 _aये तेरे प्रतिरूप
_b कहानी संग्रह
246 _aYe tere pratirūpa: kahānī sangraha
250 _aसंस्क0 2
260 _aदिल्ली
_b राजपाल एण्ड सन्ज
_c1976
650 _aहिन्दी साहित्य
_9156264
942 _hO152,3N11x, K1;L6
_cTEXL
_2CC
999 _c325186
_d325186